000 00441nam a22001697a 4500
003 CEME
005 20210628203645.0
008 210318b xxu||||| |||| 00| 0 eng d
020 _a1-874041-25-3
040 _c.
082 _a954.91 MOH'P
100 _aWilletts, Duncan , Muhammad Amin , Farrow, Berndan
_966730
245 _aPakistan , from mountain to sea
260 _aNAIROBI
_bGAMERAPIX
_c1994
300 _a298P
942 _cBK
_2ddc
999 _c574645
_d574645